AEIOU Game Quiz Stats

 Plays Quiz Updated Feb 18, 2019

Support Sporcle.
Go Orange.
Score 0/30 Timer 06:00
0 Plays Today
% Correct
Across, After...
99.8%
Ireland, Indonesia...
96.2%
Andorra, Afghanistan...
95.5%
Uganda, Uruguay...
93.8%
Alpha
93.7%
In, Into...
92.6%
Ecuador, Egypt...
92.1%
Until, Under...
89%
On, Off...
88.5%
Avenue, Alley...
82.7%
Iodine, Iron...
81.8%
Omega, Omicron
81.4%
Antimony, Argon...
81.3%
Osmium, Oxygen...
78.5%
Eta, Epsilon
76.4%
% Correct
Oman
73.5%
Uranium
70.7%
Orion, Ophiuchus
63.2%
Andromeda, Aquarius...
59.1%
Iota
55.2%
Upsilon
45.4%
Erbium, Einsteinium...
44.4%
Ursa Major, Ursa Minor
39.3%
Ere, Except...
36.4%
Underpass, Union
27.4%
Overpass, Orchard...
26.5%
Inlet, Island...
24.3%
Estate, Extension...
15.8%
Indus
4.3%
Equuleus, Eridanus
3.6%

From the Vault

Modern Countries of the Mongol Empire

by NO_r_WAY

History 7m
Yeah, Genghis Khan kind of ruled a lot of stuff.
Remove Ads.
Support Sporcle.
Get the best of Sporcle when you Go Orange. This ad-free experience offers more features, more stats, and more fun while also helping to support Sporcle. Thank you for becoming a member.

Show Comments

Extras

Top Quizzes Today


Score Distribution

Your Account Isn't Verified!

In order to create a playlist on Sporcle, you need to verify the email address you used during registration. Go to your Sporcle Settings to finish the process.

Report this User

Report this user for behavior that violates our Community Guidelines.

Details: